000 01025nam a22002897a 4500
003 CHAP
005 20220329140850.0
008 971013s r 00010 d
010 _a58912
011 _a59884
035 _a64044
040 _cCHAP
090 _aR-3531
100 0 0 _aGonzález Esquivel, Carlos E.
_948883
245 _aComparación entre aves (Gallus gallus) de tipo criollo con aves de líneas comerciales bajo condiciones de traspatio en sistemas de producción campesinos del altiplano mexicano
500 _aSobretiro de : Ciencia Ergo Sum : 2(2):235-246, 1995
590 _aBATCH-UPD
_b10
_c20130110
_lUCH01
_h0804
590 _aBATCH-UPD
_b10
_c20130410
_lUCH01
_h0442
590 _aBATCH-UPD
_b10
_c20130914
_lUCH01
_h0447
590 _aCONVERSION
_b10
_c20130109
_lUCH01
_h1332
650 1 4 _aAves de corral
_xProducción.
_98677
650 1 4 _aAvicultura
_xMéxico (Edo.)
_98742
650 1 4 _aCampesinado.
_917993
901 _aBK
942 _cREIMP
949 _aR-3531
_bBC
_cR
_d-138809
_eTS1
_i64044
_si
999 _c58912
_d58912